Catalog

Record Details

Catalog Search



Changing the Mind of Missions : Where Have We Gone Wrong ? / James F. Engel, William A. Dyrness. Cover Image Book Book

Changing the Mind of Missions : Where Have We Gone Wrong ? / James F. Engel, William A. Dyrness.

Engel, James F. (Author). Dyrness, William A. (Added Author).

Record details

  • ISBN: 0-8308-2239-9
  • Physical Description: 192 s.
  • Publisher: Downers Grove, Illinois : InterVarsity Press, 2000.
Subject: Missions
monografie

Available copies

  • 1 of 1 copy available at Common Catalog SPOK.

Holds

  • 0 current holds with 1 total copy.
Show All Copies
Location Call Number / Copy Notes Barcode Shelving Location Status Due Date
ETS Library 266 424470017831 Volný výběr Available -

LDR nam a22 i 4500
00146625
003CZ-PrJAB
00520200608101402.0
007ta
008 s xr e 000 0 cze
020 . ‡a0-8308-2239-9
040 . ‡aABG450 ‡bcze ‡erda
072 7. ‡2Konspekt
08214. ‡a266
1001 . ‡aEngel, James F.
24510. ‡aChanging the Mind of Missions : ‡bWhere Have We Gone Wrong ? / ‡nJames F. Engel, William A. Dyrness.
264 1. ‡a Downers Grove, Illinois : ‡bInterVarsity Press, ‡c2000.
300 . ‡a192 s.
336 . ‡atext ‡btxt ‡2rdacontent
338 . ‡asvazek ‡bnc ‡2rdacarrier
650 7. ‡aMissions
650 7. ‡amonografie
7001 . ‡aDyrness, William A.
910 . ‡aABG312
901 . ‡a46625 ‡bCZ-PrJAB ‡c46625 ‡tbiblio

Additional Resources